The dynnamics of trade and employment

Bewaard in:
Bibliografische gegevens
Hoofdauteur: Tyson, Laura D'andrea
Formaat: Boek
Taal:Undetermined
Gepubliceerd in: Cambridge Ballinger Publishing Company 1988
Onderwerpen:
Tags: Voeg label toe
Geen labels, Wees de eerste die dit record labelt!
Thư viện lưu trữ: Trung tâm Học liệu Trường Đại học Cần Thơ
LEADER 00583nam a2200205Ia 4500
001 CTU_82266
008 210402s9999 xx 000 0 und d
082 |a 331.42 
082 |b T994 
100 |a Tyson, Laura D'andrea 
245 4 |a The dynnamics of trade and employment 
245 0 |c Laura D'andrea Tyson 
260 |a Cambridge 
260 |b Ballinger Publishing Company 
260 |c 1988 
650 |a Horeign trade and employment 
650 |x Case studies 
650 |z United states 
904 |i Trọng Hải 
980 |a Trung tâm Học liệu Trường Đại học Cần Thơ